000 00245nam a2200097Ia 4500
008 240331s9999 xx 000 0 und d
082 _bMED
100 _aKonrad Adenauer
245 0 _aMedia and democracy :
_bThe KAF democracy report 2005
942 _cL
999 _c2536
_d2536